[Event "Oberschwaben-chB"]
[Site "Markdorf"]
[Date "2009.05.23"]
[Round "6.16"]
[White "Zielke, Reinhard"]
[Black "Betzen, Wolfgang"]
[Result "0-1"]
[WhiteElo "1526"]
[BlackElo "1850"]
[PlyCount "164"]
[EventDate "2009.??.??"]
[WhiteTeam "SAbt TG Biberach"]
[BlackTeam "SC Wangen"]

1. d4 Nf6 2. c4 e6 3. Nc3 b6 4. Nf3 Bb7 5. e3 Be7 6. Be2 O-O 7. O-O d5 8. Bd2
Nbd7 9. a3 c5 10. dxc5 Nxc5 11. b4 Nce4 12. cxd5 Nxd2 13. Qxd2 Nxd5 14. Nxd5
Bxd5 15. Rfd1 Bf6 16. Rac1 Qe7 17. Ne1 Bb3 18. Nc2 Rac8 19. Bd3 Bc3 20. Qe2 Qf6
21. Ba6 Rb8 22. Bc4 Bxc4 23. Qxc4 Rbc8 24. Qb3 Bb2 25. Rb1 Be5 26. Nd4 Qe7 27.
Nf3 Bf6 28. Rbc1 Rc7 29. Rxc7 Qxc7 30. h3 b5 31. Rd3 Qc1+ 32. Rd1 Qc7 33. Nd4
a6 34. a4 Bxd4 35. Rxd4 Qc1+ 36. Rd1 Qc6 37. axb5 Qxb5 38. Ra1 g6 39. Ra5 Qe2
40. Ra2 Qe1+ 41. Kh2 Rb8 42. Qc4 Rxb4 43. Qxa6 Rh4 44. Qc8+ Kg7 45. Qc2 Rh5 46.
Qb2+ Kh6 47. Qf6 Rf5 48. Qh4+ Kg7 49. Qd4+ Kh6 50. Qh4+ Kg7 51. Qd4+ Kh6 52.
Qh4+ Kg7 53. Qd4+ Rf6 54. e4 Qc1 55. g3 g5 56. Kg2 h6 57. Ra4 Kg6 58. Kh2 Qc2
59. Kg2 Rxf2+ 60. Qxf2 Qxa4 61. Qe2 Qc6 62. g4 f5 63. gxf5+ exf5 64. Kg3 fxe4
65. h4 Qc3+ 66. Kg2 Qd3 67. h5+ Kf5 68. Qf2+ Qf3+ 69. Qxf3+ exf3+ 70. Kxf3 g4+
71. Kg3 Kg5 72. Kg2 Kxh5 73. Kg3 Kg5 74. Kg2 Kf4 75. Kf2 h5 76. Kg2 h4 77. Kf2
h3 78. Kg1 g3 79. Kh1 g2+ 80. Kg1 Kf3 81. Kh2 Kf2 82. Kxh3 g1=Q 0-1

[Event "Oberschwaben-chB"]
[Site "Markdorf"]
[Date "2009.05.23"]
[Round "6.17"]
[White "Schleiffer, Helmut"]
[Black "Grasmik, Johann"]
[Result "1-0"]
[WhiteElo "1867"]
[BlackElo "1511"]
[PlyCount "53"]
[EventDate "2009.??.??"]
[WhiteTeam "SF Vöhringen"]
[BlackTeam "SV Weingarten"]

1. e4 c5 2. c3 d5 3. exd5 Qxd5 4. d4 cxd4 5. cxd4 Nf6 6. Nc3 Qd8 7. Nf3 Bg4 8.
Be2 e6 9. h3 Bh5 10. g4 Bg6 11. Ne5 Nc6 12. Nxc6 bxc6 13. Bf3 Qc7 14. Qa4 Nd5
15. Nxd5 exd5 16. Bxd5 Rc8 17. Bg2 Qe7+ 18. Kd1 Qd7 19. Re1+ Be7 20. Be3 O-O
21. Rc1 Qb7 22. Re2 Bd3 23. Rd2 Bb5 24. Qb3 Bb4 25. Rdc2 a5 26. a3 a4 27. Qxb4
1-0

[Event "Oberschwaben-chB"]
[Site "Markdorf"]
[Date "2009.05.23"]
[Round "6.19"]
[White "Gräber, Gordian"]
[Black "Engler, Gunter"]
[Result "1/2-1/2"]
[WhiteElo "1492"]
[BlackElo "1667"]
[PlyCount "61"]
[EventDate "2009.??.??"]
[WhiteTeam "SC Tettnang"]
[BlackTeam "SC Lindau"]

1. e4 e6 2. Nc3 d5 3. exd5 exd5 4. d4 c6 5. Nf3 Bd6 6. Be3 Ne7 7. Bd3 Bf5 8.
Bxf5 Nxf5 9. Ne2 Nd7 10. Bf4 Bxf4 11. Nxf4 Qe7+ 12. Qe2 Qxe2+ 13. Nxe2 Nd6 14.
Nd2 O-O 15. O-O Rfe8 16. Ng3 Re7 17. Rfe1 Rae8 18. Rxe7 Rxe7 19. c3 g6 20. Kf1
f5 21. Re1 Kf7 22. Rxe7+ Kxe7 23. f4 Ne4 24. Ngxe4 dxe4 25. Nc4 b6 26. Ne5 Nxe5
27. fxe5 Ke6 28. Kf2 g5 29. Ke3 Kd5 30. c4+ Ke6 31. g4 1/2-1/2

[Event "Oberschwaben-chB"]
[Site "Markdorf"]
[Date "2009.05.23"]
[Round "6.20"]
[White "Ebel, Klaus"]
[Black "Goda, Frederic"]
[Result "0-1"]
[WhiteElo "1400"]
[BlackElo "1657"]
[PlyCount "52"]
[EventDate "2009.??.??"]
[WhiteTeam "SK Markdorf"]
[BlackTeam "SC Weisse Dame Ulm e.V."]

1. d4 Nf6 2. Nf3 g6 3. e3 Bg7 4. Bd3 O-O 5. Nbd2 d6 6. O-O Nc6 7. c3 e5 8. dxe5
dxe5 9. Qc2 Nd5 10. Nc4 Ndb4 11. cxb4 Nxb4 12. Qb3 Nxd3 13. e4 Nxc1 14. Raxc1
Qe7 15. Rfd1 b6 16. Qc3 Bg4 17. Rd3 Bxf3 18. Rxf3 Rad8 19. Ne3 Bh6 20. Re1 Rd4
21. Nd5 Qd8 22. Rd3 c5 23. Rxd4 exd4 24. Qf3 Bg7 25. Qf4 Re8 26. b3 Qxd5 0-1

[Event "Oberschwaben-chB"]
[Site "Markdorf"]
[Date "2009.05.23"]
[Round "6.22"]
[White "Thyron, Franz"]
[Black "Neher, Georg"]
[Result "1/2-1/2"]
[WhiteElo "1581"]
[BlackElo "1500"]
[PlyCount "60"]
[EventDate "2009.??.??"]
[WhiteTeam "SF Ravensburg"]
[BlackTeam "SC Bad Schussenried e.V."]

1. d4 Nf6 2. Nf3 g6 3. a3 Bg7 4. h3 d6 5. c3 O-O 6. Nbd2 a5 7. e3 Na6 8. Bd3 c5
9. Qe2 Nc7 10. O-O Bd7 11. a4 Qc8 12. Nh2 cxd4 13. exd4 e6 14. Nc4 Ra6 15. Bf4
Nce8 16. Nf3 Nh5 17. Qd2 Nxf4 18. Qxf4 Qc7 19. Qd2 Nf6 20. Na3 Raa8 21. Nb5
Bxb5 22. Bxb5 Ne4 23. Qd3 d5 24. Rac1 Nd6 25. Rfe1 Rfc8 26. Qe2 Nxb5 27. Qxb5
Qc4 28. Qxb7 Rab8 29. Qd7 Rxb2 30. Ng5 Qc7 1/2-1/2

[Event "Oberschwaben-chB"]
[Site "Markdorf"]
[Date "2009.05.23"]
[Round "6.23"]
[White "Schmollinger, Jonathan"]
[Black "Benkö, Jakob"]
[Result "1-0"]
[WhiteElo "960"]
[BlackElo "879"]
[PlyCount "102"]
[EventDate "2009.??.??"]
[WhiteTeam "SAbt Post-SV Ulm"]
[BlackTeam "SC Tettnang"]

1. c4 d5 2. cxd5 Nf6 3. Nc3 Nxd5 4. e4 Nxc3 5. bxc3 e5 6. Nf3 Bg4 7. Be2 Nc6 8.
Bb2 Bc5 9. O-O O-O 10. h3 Bh5 11. Nxe5 Bxe2 12. Nxc6 Bxd1 13. Nxd8 Raxd8 14.
Raxd1 Rfe8 15. d4 Bb6 16. Rfe1 c5 17. d5 Bc7 18. g3 Re7 19. f4 f6 20. Re2 c4
21. Ba3 Red7 22. Kf2 Kf7 23. Kf3 Bd6 24. Bxd6 Rxd6 25. g4 g6 26. Rb2 R8d7 27.
Rb4 Rc7 28. Rd4 Ra6 29. a4 Rb6 30. d6 Rd7 31. Rxb6 axb6 32. e5 fxe5 33. fxe5
Ke6 34. Ke4 h6 35. Rxc4 Rf7 36. Rc7 Rxc7 37. dxc7 Kd7 38. Kd5 h5 39. gxh5 gxh5
40. c8=Q+ Kxc8 41. Ke6 b5 42. axb5 b6 43. Kf7 h4 44. e6 Kb7 45. e7 Ka7 46. e8=R
Kb7 47. Re7+ Ka8 48. Ke6 Kb8 49. Kd6 Ka8 50. Kc6 Kb8 51. Rh7 Ka8 1-0

[Event "Oberschwaben-chB"]
[Site "Markdorf"]
[Date "2009.05.23"]
[Round "6.24"]
[White "Laub, Bertram"]
[Black "Längl, Josef"]
[Result "1-0"]
[WhiteElo "1498"]
[BlackElo "1148"]
[PlyCount "77"]
[EventDate "2009.??.??"]
[WhiteTeam "SAbt TG Biberach"]
[BlackTeam "SC Tettnang"]

1. d4 Nf6 2. c4 d5 3. e3 e6 4. Nc3 Bb4 5. a3 Bxc3+ 6. bxc3 O-O 7. cxd5 exd5 8.
Bd3 Re8 9. Qc2 Qd6 10. Ne2 Ne4 11. Ng3 Qg6 12. f3 Bf5 13. Nxf5 Qxf5 14. Qb1 b6
15. O-O Qg6 16. fxe4 dxe4 17. Bc4 Re7 18. Ra2 Nd7 19. Raf2 Rf8 20. a4 c5 21.
Ba3 h6 22. Rf5 Kh8 23. dxc5 Re5 24. Bxf7 Rxf7 25. Rxf7 Nf6 26. Rf8+ Kh7 27. Qb3
Rf5 28. Rxf5 Qxf5 29. cxb6 axb6 30. Be7 Qg5 31. c4 Qg4 32. Bxf6 Qe2 33. Bh4 Qd2
34. Rf1 Qd6 35. Qc3 Qc6 36. Rf7 Qg6 37. Rxg7+ Qxg7 38. Qxg7+ Kxg7 39. Bd8 1-0

[Event "Oberschwaben-chB"]
[Site "Markdorf"]
[Date "2009.05.23"]
[Round "6.26"]
[White "Holzer, Daniel"]
[Black "Leser, Jasmin"]
[Result "1-0"]
[WhiteElo "1229"]
[BlackElo "907"]
[PlyCount "133"]
[EventDate "2009.??.??"]
[WhiteTeam "SAbt Post-SV Ulm"]
[BlackTeam "SF Mengen"]

1. d4 d5 2. Nf3 Nc6 3. c4 e6 4. Nc3 Nf6 5. c5 b6 6. b4 Nxb4 7. Qa4+ Bd7 8. Qxb4
a5 9. Qb2 Be7 10. e3 O-O 11. Ne5 Rb8 12. Nxd7 Qxd7 13. Bb5 c6 14. Bd3 Ne8 15.
Bd2 f5 16. O-O b5 17. a4 b4 18. Ne2 Bg5 19. Qc2 b3 20. Qb2 Rf6 21. Bxa5 Rh6 22.
f4 Bf6 23. Bb6 Qf7 24. Ng3 Bh4 25. Rf3 Qg6 26. a5 Ra8 27. a6 Bxg3 28. Rxg3 Qf7
29. a7 Nf6 30. Ra6 Qh5 31. h3 Qd1+ 32. Bf1 Qe1 33. Qf2 Qxf2+ 34. Kxf2 Ne4+ 35.
Kf3 Nxg3 36. Kxg3 b2 37. Bd3 Rg6+ 38. Kf2 h5 39. Ra2 Rf6 40. Rxb2 g6 41. Bd8
Rf8 42. Be7 Rfe8 43. Rb7 Kf7 44. Bd6+ Kg8 45. Bb8 Kf8 46. Rc7 Kg8 47. Ba6 Kf8
48. Bb7 Raxb8 49. axb8=Q Rxb8 50. Rc8+ Rxc8 51. Bxc8 Ke7 52. Kg3 Kf6 53. Kh4
Kf7 54. Bb7 Kf6 55. Bxc6 g5+ 56. fxg5+ Kg6 57. Bxd5 exd5 58. c6 f4 59. exf4 Kf5
60. c7 Kxf4 61. c8=Q Ke3 62. Qc3+ Kf2 63. Qf3+ Kg1 64. Kxh5 Kh2 65. Kg4 Kg1 66.
Kg3 Kh1 67. Qf1# 1-0

[Event "Oberschwaben-chB"]
[Site "Markdorf"]
[Date "2009.05.24"]
[Round "7.1"]
[White "Zeller, Roman"]
[Black "Oestreicher, Hans-Ulrich"]
[Result "1/2-1/2"]
[WhiteElo "1828"]
[BlackElo "1982"]
[PlyCount "108"]
[EventDate "2009.??.??"]
[WhiteTeam "SV Friedrichshafen"]
[BlackTeam "SK Markdorf"]

1. e4 c6 2. d4 d5 3. exd5 cxd5 4. Nf3 Nf6 5. Nc3 Nc6 6. Be2 g6 7. Bf4 Bf5 8.
Qd2 Rc8 9. O-O Bg7 10. Ne5 O-O 11. Rfd1 a6 12. f3 b5 13. a3 Na5 14. b3 Nc6 15.
g4 Be6 16. Rac1 Qb6 17. Be3 Qc7 18. Nxc6 Qxc6 19. Na2 a5 20. Qxa5 Bd7 21. Qb4
Qe6 22. Kf2 h5 23. h3 hxg4 24. hxg4 Qc6 25. Qd2 Ra8 26. Bh6 Bxg4 27. fxg4 Ne4+
28. Kg2 Nxd2 29. Bxd2 Qe6 30. Bf3 Qd7 31. Bb4 Rfc8 32. c4 bxc4 33. bxc4 e6 34.
cxd5 exd5 35. Nc3 Rab8 36. Nxd5 Rxc1 37. Rxc1 Rxb4 38. axb4 Qa4 39. Ne7+ Kf8
40. Nc6 Bh6 41. Rf1 Bf4 42. Rf2 Kg7 43. Bd5 g5 44. Re2 Qd1 45. Bf3 Qd3 46. Kf2
Qh7 47. Re1 Qh2+ 48. Kf1 Qg3 49. Ke2 Qh2+ 50. Kf1 Bg3 51. Re2 Qh3+ 52. Rg2 Qh1+
53. Ke2 Qe1+ 54. Kd3 Bf4 1/2-1/2

[Event "Oberschwaben-chB"]
[Site "Markdorf"]
[Date "2009.05.24"]
[Round "7.2"]
[White "Hörsch, Florian"]
[Black "Meger, Wilfried"]
[Result "1-0"]
[WhiteElo "1535"]
[BlackElo "1812"]
[PlyCount "49"]
[EventDate "2009.??.??"]
[WhiteTeam "SAbt TSV Langenau"]
[BlackTeam "SF Mengen"]

1. e4 d6 2. d4 Nf6 3. Nc3 g6 4. Bg5 Bg7 5. Qd2 c6 6. O-O-O b5 7. e5 dxe5 8.
dxe5 Qxd2+ 9. Rxd2 Ng4 10. f4 h6 11. Bh4 g5 12. fxg5 Nxe5 13. Nf3 Ng6 14. gxh6
Bxh6 15. Bg5 Bg7 16. Bd3 Ne5 17. Nxe5 Bxe5 18. h3 a5 19. Rhd1 Bc7 20. Be4 Ra6
21. Ne2 Rg8 22. Bf4 e5 23. Bxe5 Bb6 24. Bxb8 Be3 25. Bf4 1-0

[Event "Oberschwaben-chB"]
[Site "Markdorf"]
[Date "2009.05.24"]
[Round "7.3"]
[White "Krämer, Markus"]
[Black "Fichtl, Xaver"]
[Result "0-1"]
[WhiteElo "1863"]
[BlackElo "1809"]
[PlyCount "100"]
[EventDate "2009.??.??"]
[WhiteTeam "SC Tettnang"]
[BlackTeam "SC Lindau"]

1. Nc3 c5 2. Nf3 e6 3. e4 a6 4. d4 cxd4 5. Nxd4 Nc6 6. Nb3 d6 7. Be3 Nf6 8. f3
b5 9. a3 Bb7 10. Be2 h6 11. Qd2 Qc7 12. O-O Ne5 13. Rac1 Nc4 14. Bxc4 bxc4 15.
Nd4 d5 16. exd5 Nxd5 17. Nxd5 Bxd5 18. f4 Bd6 19. Nf5 Bf8 20. Qd4 Rg8 21. Ng3
Rd8 22. Qc3 Qb7 23. Rf2 g6 24. Bd4 Bd6 25. Re1 Kf8 26. Kh1 f5 27. Be5 Be7 28.
Bf6 Rb8 29. Bxe7+ Kxe7 30. Qa5 h5 31. h3 Kf7 32. c3 Rh8 33. Qc5 Rhe8 34. Qd4
Qc6 35. Ree2 Rb5 36. Rd2 Reb8 37. Nf1 Be4 38. Qd7+ Qxd7 39. Rxd7+ Kf6 40. Rdd2
Bd3 41. Nh2 g5 42. g3 g4 43. h4 e5 44. fxe5+ Rxe5 45. Rd1 Re3 46. Nf1 Rf3 47.
Kg1 Rxf2 48. Kxf2 Rxb2+ 49. Ke3 Ke5 50. Nd2 Ra2 0-1

[Event "Oberschwaben-chB"]
[Site "Markdorf"]
[Date "2009.05.24"]
[Round "7.4"]
[White "Jäckel, Thomas"]
[Black "Lewandowski, Tadeus"]
[Result "1-0"]
[WhiteElo "1853"]
[BlackElo "1688"]
[PlyCount "101"]
[EventDate "2009.??.??"]
[WhiteTeam "SC Lindau"]
[BlackTeam "SF Ravensburg"]

1. e4 c5 2. Nc3 Nc6 3. g3 Nf6 4. Bg2 d6 5. f4 g6 6. Nf3 Bg7 7. O-O Bd7 8. d3
Qc8 9. Bd2 Bg4 10. Ne2 b5 11. c3 O-O 12. Nh4 Rb8 13. f5 Nh5 14. Bf3 Bxf3 15.
Rxf3 Ne5 16. Rf1 Nxd3 17. Bg5 c4 18. Bxe7 Qc5+ 19. Kg2 Rfe8 20. f6 Bf8 21. Nf5
Bxe7 22. Nxe7+ Rxe7 23. fxe7 Qe5 24. Nd4 Qxe7 25. Qf3 Rb6 26. b4 Kg7 27. a4
bxa4 28. Rxa4 a6 29. Qg4 Qb7 30. Nf5+ Kf8 31. Ne3 Ne5 32. Qh4 Qd7 33. Ra2 d5
34. Nxd5 Rd6 35. Ra5 Ng4 36. h3 Rxd5 37. Qxg4 Rd2+ 38. Kg1 Qd3 39. Qf3 Qd7 40.
Rd5 Qa7+ 41. Rf2 Rxf2 42. Qxf2 Qe7 43. Qc5 Qxc5+ 44. Rxc5 Nxg3 45. Rxc4 f5 46.
exf5 Nxf5 47. Rc6 Ng3 48. c4 a5 49. bxa5 Ne2+ 50. Kf2 Nc3 51. a6 1-0

[Event "Oberschwaben-chB"]
[Site "Markdorf"]
[Date "2009.05.24"]
[Round "7.5"]
[White "Scherbaum, Guenter"]
[Black "Baron, Sven"]
[Result "1-0"]
[WhiteElo "1804"]
[BlackElo "1688"]
[PlyCount "65"]
[EventDate "2009.??.??"]
[WhiteTeam "SC Lindau"]
[BlackTeam "SC Wangen"]

1. e4 e5 2. Nf3 Nf6 3. d4 Nxe4 4. Bd3 d5 5. Nxe5 Nd7 6. Nxd7 Bxd7 7. O-O Be7 8.
c4 c6 9. Qc2 Nf6 10. c5 O-O 11. Nd2 b6 12. b4 a5 13. bxa5 bxc5 14. dxc5 Qxa5
15. Nb3 Qa7 16. Bb2 h6 17. Rfe1 Rfe8 18. Re3 Kf8 19. Rae1 Ne4 20. Bxe4 dxe4 21.
Rg3 f6 22. h3 Bf5 23. Kh2 Rad8 24. Rge3 Rd5 25. g4 Bh7 26. f3 Bxc5 27. Nxc5
Rxc5 28. Qxc5+ Qxc5 29. Ba3 Qxa3 30. Rxa3 exf3 31. Rxe8+ Kxe8 32. Kg1 Be4 33.
Re3 1-0

[Event "Oberschwaben-chB"]
[Site "Markdorf"]
[Date "2009.05.24"]
[Round "7.6"]
[White "Heil, Marina"]
[Black "Oberndörfer, Frank"]
[Result "1/2-1/2"]
[WhiteElo "1754"]
[BlackElo "1785"]
[PlyCount "83"]
[EventDate "2009.??.??"]
[WhiteTeam "SF Wetzisreute"]
[BlackTeam "SF Wetzisreute"]

1. e4 g6 2. d4 Bg7 3. Nf3 d6 4. Bc4 Nf6 5. Nbd2 O-O 6. O-O c6 7. c3 Nxe4 8.
Bxf7+ Rxf7 9. Nxe4 Bg4 10. Neg5 Bxf3 11. Nxf3 h6 12. Qb3 Qb6 13. Qe6 Bf6 14.
Bxh6 Na6 15. b3 Nc7 16. Qg4 Kh7 17. Bd2 Kg7 18. Rfe1 Rh8 19. Re2 c5 20. Rae1
cxd4 21. Nxd4 Bxd4 22. cxd4 Nd5 23. Bc1 Rh5 24. Re6 Nf6 25. Qe2 Nd5 26. Qe4
Rhf5 27. Qh4 Rh5 28. Qg3 Rf6 29. R6e2 Qc6 30. Bg5 Rf5 31. Bxe7 Nf4 32. Re4 g5
33. h4 Rxh4 34. Bxg5 Nh3+ 35. gxh3 Rxe4 36. Rxe4 Qxe4 37. Be3+ Kf7 38. Qxd6 Rf6
39. Qd7+ Kf8 40. Qd8+ Kg7 41. Qc7+ Kg8 42. Qd8+ 1/2-1/2

[Event "Oberschwaben-chB"]
[Site "Markdorf"]
[Date "2009.05.24"]
[Round "7.7"]
[White "Benkö, Florian"]
[Black "Starcevic, Bozo"]
[Result "1-0"]
[WhiteElo "1683"]
[BlackElo "1784"]
[PlyCount "53"]
[EventDate "2009.??.??"]
[WhiteTeam "SC Tettnang"]
[BlackTeam "SC Tettnang"]

1. Nc3 c5 2. e4 Nc6 3. Bc4 e6 4. d3 a6 5. Bf4 d6 6. Qd2 Nge7 7. Bg5 Qc7 8. Nh3
Ng6 9. a3 h6 10. Be3 b5 11. Ba2 Be7 12. f4 Bf6 13. Rb1 Bd7 14. O-O Bd4 15. Nd1
a5 16. c3 Bxe3+ 17. Nxe3 O-O 18. f5 Nh8 19. f6 gxf6 20. Rxf6 e5 21. Nd5 Qd8 22.
Qxh6 Bxh3 23. Qg5+ Ng6 24. Rxg6+ fxg6 25. Qxg6+ Kh8 26. Qh6+ Kg8 27. Ne7# 1-0

[Event "Oberschwaben-chB"]
[Site "Markdorf"]
[Date "2009.05.24"]
[Round "7.8"]
[White "Schneider, Thomas"]
[Black "Leser, Alfred"]
[Result "1-0"]
[WhiteElo "1695"]
[BlackElo "1782"]
[PlyCount "52"]
[EventDate "2009.??.??"]
[WhiteTeam "SF Ravensburg"]
[BlackTeam "SF Mengen"]

1. d4 Nf6 2. c4 e6 3. Nc3 Bb4 4. a3 Bxc3+ 5. bxc3 h6 6. Nf3 d6 7. Qc2 b6 8. e4
Bb7 9. Bd3 Nbd7 10. a4 O-O 11. O-O e5 12. a5 Ba6 13. axb6 axb6 14. Bd2 c6 15.
Rfb1 Qc7 16. Nh4 d5 17. cxd5 Bxd3 18. Qxd3 cxd5 19. exd5 Nxd5 20. dxe5 Qxe5 21.
Nf3 Qe6 22. Nd4 Qf6 23. Nf5 Qe5 24. Rxa8 Rxa8 25. Re1 Nc5 26. Qxd5 Qf6 1-0

[Event "Oberschwaben-chB"]
[Site "Markdorf"]
[Date "2009.05.24"]
[Round "7.9"]
[White "Nuber, Reinhard"]
[Black "Rünz, Wilfried"]
[Result "1/2-1/2"]
[WhiteElo "1742"]
[BlackElo "1657"]
[PlyCount "33"]
[EventDate "2009.??.??"]
[WhiteTeam "Sabt TSV 1880 Neu-Ulm"]
[BlackTeam "SK Leutkirch"]

1. e4 c6 2. d4 d5 3. Nc3 dxe4 4. Nxe4 Nf6 5. Nxf6+ gxf6 6. Bc4 Bf5 7. Ne2 Bg7
8. Be3 Nd7 9. c3 Nb6 10. Bb3 Nd5 11. Bc2 Qd7 12. Ng3 Bg6 13. Qd2 h5 14. Bxg6
fxg6 15. c4 Nb6 16. Qc2 f5 17. Ne2 1/2-1/2

[Event "Oberschwaben-chB"]
[Site "Markdorf"]
[Date "2009.05.24"]
[Round "7.10"]
[White "Stadelmayer, Bernd"]
[Black "Özdemir, Murat"]
[Result "0-1"]
[WhiteElo "1704"]
[BlackElo "1596"]
[PlyCount "44"]
[EventDate "2009.??.??"]
[WhiteTeam "SK Leutkirch"]
[BlackTeam "SF Ravensburg"]

1. d4 d5 2. c4 e6 3. Nf3 Nf6 4. g3 b6 5. Bg2 Bb7 6. O-O c5 7. Nc3 Be7 8. cxd5
Nxd5 9. e4 Nxc3 10. bxc3 Bxe4 11. Qe2 Bb7 12. dxc5 Bxc5 13. Rd1 Qe7 14. Qd3 Nc6
15. Nd4 Bxd4 16. cxd4 Na5 17. d5 Rd8 18. Bb2 f6 19. Qb5+ Qd7 20. Qe2 e5 21. Ba3
Qa4 22. Rd3 Ba6 0-1

[Event "Oberschwaben-chB"]
[Site "Markdorf"]
[Date "2009.05.24"]
[Round "7.13"]
[White "Betzen, Wolfgang"]
[Black "Eizenhöfer, Rudolf"]
[Result "1-0"]
[WhiteElo "1850"]
[BlackElo "1555"]
[PlyCount "97"]
[EventDate "2009.??.??"]
[WhiteTeam "SC Wangen"]
[BlackTeam "SK Markdorf"]

1. Nf3 b6 2. b3 Bb7 3. e3 d6 4. d4 Nf6 5. Be2 e6 6. Bb2 Be7 7. Nbd2 Nbd7 8. O-O
O-O 9. c4 c5 10. Rc1 Ne4 11. Qc2 Nxd2 12. Qxd2 Nf6 13. Qd1 Re8 14. Bd3 d5 15.
Ne5 cxd4 16. Bxd4 Bc5 17. Be2 Bxd4 18. exd4 dxc4 19. bxc4 Nd7 20. f4 f6 21. Nf3
Nf8 22. Re1 Ng6 23. Qd2 Rc8 24. Qe3 Kh8 25. Bd3 Nf8 26. Be4 Ba6 27. c5 bxc5 28.
dxc5 Qc7 29. g3 Rcd8 30. Red1 Rxd1+ 31. Rxd1 Rb8 32. Rc1 Rb2 33. Qa3 Re2 34.
Bxh7 Kxh7 35. Qxa6 Rb2 36. Nd4 e5 37. Qd3+ Ng6 38. Ne2 Qc6 39. fxe5 fxe5 40.
Rc4 Kg8 41. a3 a5 42. Rc2 Rb1+ 43. Nc1 a4 44. Qd8+ Nf8 45. Qd3 Ne6 46. Qc4 Qd7
47. c6 Qd4+ 48. Qxd4 Nxd4 49. c7 1-0

[Event "Oberschwaben-chB"]
[Site "Markdorf"]
[Date "2009.05.24"]
[Round "7.14"]
[White "Funk, Markus"]
[Black "Heinrich, Ernst"]
[Result "1-0"]
[WhiteElo "1649"]
[BlackElo "1706"]
[PlyCount "37"]
[EventDate "2009.??.??"]
[WhiteTeam "SV Friedrichshafen"]
[BlackTeam "SK Markdorf"]

1. c4 Nf6 2. d4 e6 3. Nf3 b6 4. Nc3 Bb7 5. Bg5 Be7 6. Bxf6 Bxf6 7. e4 d6 8. Bd3
Nd7 9. O-O O-O 10. Bc2 g6 11. Ne1 a5 12. f4 Bg7 13. Nf3 e5 14. f5 exd4 15. Nxd4
Ne5 16. Bd3 Qg5 17. Be2 Qe3+ 18. Kh1 Nxc4 19. Rf3 1-0

[Event "Oberschwaben-chB"]
[Site "Markdorf"]
[Date "2009.05.24"]
[Round "7.15"]
[White "Goda, Frederic"]
[Black "Gräber, Gero"]
[Result "1/2-1/2"]
[WhiteElo "1657"]
[BlackElo "1682"]
[PlyCount "56"]
[EventDate "2009.??.??"]
[WhiteTeam "SC Weisse Dame Ulm e.V."]
[BlackTeam "SC Tettnang"]

1. d4 d5 2. Nf3 Nf6 3. Bf4 e6 4. e3 Bd6 5. Ne5 Bxe5 6. dxe5 Nfd7 7. Qg4 Rg8 8.
Qh5 Nf8 9. Bg5 Qd7 10. Nc3 h6 11. Bf4 Ng6 12. Bg3 Nc6 13. O-O-O Nce7 14. e4 c6
15. exd5 cxd5 16. f4 a6 17. Ne4 Nf5 18. Nd6+ Nxd6 19. exd6 Qa4 20. Kb1 Bd7 21.
f5 Nf8 22. fxe6 Bxe6 23. Bd3 O-O-O 24. Rhf1 Nd7 25. c4 dxc4 26. Rc1 Kb8 27. Bc2
Qb4 28. Be1 Qb5 1/2-1/2

[Event "Oberschwaben-chB"]
[Site "Markdorf"]
[Date "2009.05.24"]
[Round "7.16"]
[White "Voss, Michael"]
[Black "Kromer, Thomas"]
[Result "1/2-1/2"]
[WhiteElo "1667"]
[BlackElo "1640"]
[PlyCount "28"]
[EventDate "2009.??.??"]
[WhiteTeam "SC Lindau"]
[BlackTeam "SF Riedlingen"]

1. e4 e5 2. Nf3 Nc6 3. d4 exd4 4. Bc4 Nf6 5. O-O Bc5 6. c3 dxc3 7. Bxf7+ Kxf7
8. e5 d6 9. exf6 Qxf6 10. Ng5+ Kg6 11. Nxc3 h6 12. Nd5 Qd4 13. Nf4+ Kf6 14.
Nd5+ Kg6 1/2-1/2

[Event "Oberschwaben-chB"]
[Site "Markdorf"]
[Date "2009.05.24"]
[Round "7.17"]
[White "Montgomery, Mike"]
[Black "Zielke, Reinhard"]
[Result "1-0"]
[WhiteElo "1735"]
[BlackElo "1526"]
[PlyCount "89"]
[EventDate "2009.??.??"]
[WhiteTeam "SC Lindau"]
[BlackTeam "SAbt TG Biberach"]

1. e4 c5 2. Nf3 Nc6 3. Bc4 e6 4. d4 d5 5. exd5 exd5 6. Bb5 a6 7. Bxc6+ bxc6 8.
O-O Be7 9. c4 Nf6 10. Nc3 cxd4 11. Nxd4 Qd6 12. Re1 c5 13. Bf4 Qxf4 14. Nc6 Be6
15. Nxd5 Nxd5 16. cxd5 Bf6 17. dxe6 O-O 18. e7 Rfe8 19. Qd7 h6 20. Rad1 Qg5 21.
Qb7 Kh7 22. Nd8 Raxd8 23. exd8=Q Rxe1+ 24. Rxe1 Bxd8 25. Qxa6 Bf6 26. Qd3+ g6
27. Qb3 Kg7 28. a4 Bd4 29. Qc2 Qf4 30. b3 Bc3 31. Rd1 Bb4 32. h3 h5 33. Qc4 Qe5
34. Rd5 Qe1+ 35. Qf1 Qc3 36. Qd1 Qb2 37. Qf3 Qa1+ 38. Kh2 c4 39. Rd7 Qe5+ 40.
g3 Qe6 41. Rb7 Be1 42. Qe3 Qd5 43. Rb5 Qd1 44. Qe5+ Kh7 45. Rb8 1-0

[Event "Oberschwaben-chB"]
[Site "Markdorf"]
[Date "2009.05.24"]
[Round "7.18"]
[White "Engler, Gunter"]
[Black "Schmollinger, Jonathan"]
[Result "1-0"]
[WhiteElo "1667"]
[BlackElo "960"]
[PlyCount "41"]
[EventDate "2009.??.??"]
[WhiteTeam "SC Lindau"]
[BlackTeam "SAbt Post-SV Ulm"]

1. d4 d5 2. Nf3 Nf6 3. Bf4 Bg4 4. e3 c6 5. c3 Nbd7 6. Nbd2 e6 7. Bd3 Bh5 8. h3
Bg6 9. Bxg6 hxg6 10. Qb3 Qb6 11. c4 Qxb3 12. axb3 Bb4 13. Ke2 Ng8 14. Ra4 a5
15. Rha1 b6 16. Rxb4 c5 17. Rba4 Ne7 18. Ne5 Nxe5 19. Bxe5 Rh7 20. dxc5 bxc5
21. Bc3 1-0

[Event "Oberschwaben-chB"]
[Site "Markdorf"]
[Date "2009.05.24"]
[Round "7.19"]
[White "Pohl, Manfred"]
[Black "Gräber, Gordian"]
[Result "1/2-1/2"]
[WhiteElo "1607"]
[BlackElo "1492"]
[PlyCount "124"]
[EventDate "2009.??.??"]
[WhiteTeam "SC Wangen"]
[BlackTeam "SC Tettnang"]

1. b4 e5 2. Bb2 d6 3. b5 c6 4. a4 Ne7 5. c4 b6 6. Nc3 Be6 7. e3 g6 8. Nf3 Bg7
9. Be2 O-O 10. O-O d5 11. cxd5 cxd5 12. Ba3 Nd7 13. Ng5 Re8 14. Nxe6 fxe6 15.
Rc1 Nf5 16. Bg4 Nf6 17. Bf3 Rc8 18. g4 Nd6 19. Bxd6 Qxd6 20. g5 Nd7 21. h4 e4
22. Be2 Bxc3 23. Rxc3 Rxc3 24. dxc3 Rf8 25. c4 Ne5 26. cxd5 exd5 27. Kg2 Nf3
28. Bxf3 Rxf3 29. Rh1 Qd7 30. Kf1 Qf5 31. Qd2 d4 32. Qxd4 Rxf2+ 33. Ke1 Rc2 34.
Qd8+ Kg7 35. Qd4+ Kf7 36. Kd1 Rc5 37. Qf6+ Qxf6 38. gxf6 Kxf6 39. Rf1+ Ke7 40.
Kd2 Rc4 41. Ra1 Ke6 42. a5 Rb4 43. axb6 axb6 44. Ra7 h5 45. Ra8 Rxb5 46. Re8+
Kf5 47. Rf8+ Kg4 48. Rf4+ Kg3 49. Rxe4 g5 50. hxg5 Rxg5 51. Rb4 b5 52. Rb1 Kf3
53. Rf1+ Ke4 54. Rf4+ Kd5 55. Kc3 Kc5 56. Kb3 Re5 57. Rf3 Kd5 58. Kc3 Ke4 59.
Rh3 Rd5 60. Kb4 Kd3 61. Ka5 Re5 62. Kb4 Rxe3 1/2-1/2

[Event "Oberschwaben-chB"]
[Site "Markdorf"]
[Date "2009.05.24"]
[Round "7.20"]
[White "Kitzelmann, Stefan"]
[Black "Thyron, Franz"]
[Result "0-1"]
[WhiteElo "1335"]
[BlackElo "1581"]
[PlyCount "125"]
[EventDate "2009.??.??"]
[WhiteTeam "SC Wangen"]
[BlackTeam "SF Ravensburg"]

1. Nc3 d5 2. Nf3 Nf6 3. d4 Nbd7 4. e3 e6 5. Bd3 h6 6. O-O Bb4 7. Ne2 Bd6 8. c4
dxc4 9. Bxc4 c6 10. Qc2 Nd5 11. Nc3 Nxc3 12. Qxc3 O-O 13. b3 Qe7 14. a3 b5 15.
Bd3 Bb7 16. b4 e5 17. Nd2 f5 18. Nb3 Nb6 19. Nc5 Nd5 20. Qb3 Bxc5 21. dxc5 e4
22. Be2 Kh8 23. Bb2 a6 24. Bd4 Bc8 25. Qb2 Be6 26. Be5 Qf7 27. Qd4 Rad8 28. Bd6
Qf6 29. Be5 Qf7 30. Rfd1 Rd7 31. Bd6 Rfd8 32. a4 Qf6 33. axb5 axb5 34. Ra6 Nc3
35. Qxf6 gxf6 36. Rd2 Nxe2+ 37. Rxe2 Bd5 38. Re1 Kg8 39. Rea1 Kf7 40. Ra8 Ke6
41. Rxd8 Rxd8 42. Ra7 Rd7 43. Ra8 Kf7 44. Rf8+ Kg6 45. h3 h5 46. Kh2 Ra7 47.
Kg3 Ra4 48. Be7 Rxb4 49. Rxf6+ Kg7 50. Rxf5 Bf7 51. Rf6 Bd5 52. Kf4 Rc4 53. Kg5
b4 54. Rg6+ Kf7 55. Bf6 Ke8 56. Rg7 Bf7 57. Rh7 Rxc5+ 58. Kf4 Rb5 59. Rh8+ Kd7
60. Rd8+ Ke6 61. Bb2 Rf5+ 62. Kxe4 Rxf2 63. Bh8 {Es wurde noch bis zum 70. Zug
gespielt, die Mitschrift ist jedoch nicht leserlich.} 0-1